Central Library OPAC University of Rajshahi

Microwave duplexers / (Record no. 73251)

MARC details
000 -LEADER
fixed length control field 01026nam a2200265 a 4500
001 - CONTROL NUMBER
control field 73251
003 - CONTROL NUMBER IDENTIFIER
rucl marc code BD-RjUL
005 - DATE AND TIME OF LATEST TRANSACTION
control field 20211209082352.0
008 - FIXED-LENGTH DATA ELEMENTS--GENERAL INFORMATION
fixed length control field 170529s1948 nyua b 001 0 eng d
035 ## - SYSTEM CONTROL NUMBER
System control number (BD-RjUL)73469
040 ## - CATALOGING SOURCE
Original cataloging agency DLC
Transcribing agency ViU
Modifying agency OCoLC
-- BD-RjUL
Language of cataloging eng
041 ## - LANGUAGE CODE
Language code of text/sound track or separate title eng
082 ## - DEWEY DECIMAL CLASSIFICATION NUMBER
Classification number 621.3848
Edition number 23
Author mark and year MIC 1948
245 10 - TITLE STATEMENT
Title Microwave duplexers /
Statement of responsibility, etc. ed. by Louis D. Smullin [and] Carol G. Montgomery [under the supervision of the] Office of Scientific Research and Development, National Defense Research Committee.
250 ## - EDITION STATEMENT
Edition statement 1st ed.
260 ## - PUBLICATION, DISTRIBUTION, ETC. (IMPRINT)
Place of publication, distribution, etc. New York :
Name of publisher, distributor, etc. McGraw-Hill Book Co.,
Date of publication, distribution, etc. 1948.
300 ## - PHYSICAL DESCRIPTION
Pagination xiv, 437 p. :
Illustrations ill. ;
Size 24 cm.
410 20 - SERIES STATEMENT/ADDED ENTRY--CORPORATE NAME [OBSOLETE, CAN/MARC], [LOCAL, USA]
Corporate name or jurisdiction name as entry element Massachusetts Institute of Technology.
Subordinate unit Radiation Laboratory.
Title of a work Radiation Laboratory series,
Volume number/sequential designation 14
500 ## - GENERAL NOTE
General note Includes index
650 #0 - SUBJECT ADDED ENTRY--TOPICAL TERM
Topical term or geographic name as entry element Radar.
9 (RLIN) 216675
700 1# - ADDED ENTRY--PERSONAL NAME
Personal name Smullin, Louis D.,
Personal name Montgomery, C. G.
Fuller form of name (Carol Gray),
Dates associated with a name 1909-1950,
Relator term joint ed.
830 ## - SERIES ADDED ENTRY--UNIFORM TITLE
Uniform title Massachusetts Institute of Technology.
942 ## - ADDED ENTRY ELEMENTS (KOHA)
Source of classification or shelving scheme Dewey Decimal Classification
Koha item type Books
Holdings
Lost status Source of classification or shelving scheme Damaged status Not for loan Collection code Permanent Location Current Location Shelving location Date acquired Total Checkouts Full call number Date last seen Copy number Koha item type
  Dewey Decimal Classification   Not For Loan Non-fiction Central Library, University of Rajshahi Central Library, University of Rajshahi Reading Room 29/05/2017   621.3848 MIC 1948 29/05/2017 C-1 Books